| 000 | 00681cam a2200241 4500500 | ||
|---|---|---|---|
| 005 | 20260405003815.0 | ||
| 041 | _afre | ||
| 042 | _adc | ||
| 100 | 1 | 0 |
_aEnjalbert, Cédric _eauthor |
| 245 | 0 | 0 | _aImmigration, une panique morale ? |
| 260 | _c2023. | ||
| 500 | _a31 | ||
| 690 | _aAssemblée nationale | ||
| 690 | _aEtrangers | ||
| 690 | _aGérard Larcher | ||
| 690 | _aImmigration | ||
| 690 | _aLoi | ||
| 690 | _aMigration | ||
| 690 | _aMorale | ||
| 690 | _aMythe | ||
| 786 | 0 | _nPhilosophie magazine | 175 | 12 | 2023-12-01 | p. 6-6 | 1951-1787 | |
| 856 | 4 | 1 | _uhttps://shs.cairn.info/magazine-philosophie-magazine-2023-12-1-page-6?lang=fr&redirect-ssocas=7080 |
| 999 |
_c2071008 _d2071008 |
||